000 00250nam a2200097Ia 4500
001 1196806
005 20250827021814.0
008 250824s9999 xx 000 0 und d
245 0 _aALLAH DE ÖTESİNİ BIRAK
_cUĞUR KOŞAR
260 _bDESTEK YAYINLARI
999 _c1196806
_d1196806